Warana
Odvodzovanie návzvu Vranov od ruského kmeňa "Warang" z IX. storočia a názov Sniny od Kyjevského vodcu Sineusa.
| Médium: | Článok |
|---|---|
| Jazyk: | Hungarian |
| Témy: | |
| Zdroj: |
1. Adalékok Zemplénvármegye Történetéhez 1. Roč. 7, č. 8 (1901) s. 256 |
| LEADER | 00866nab#a2200325#ar4500 | ||
|---|---|---|---|
| 001 | 000076971 | ||
| 003 | SVKKK | ||
| 005 | 20060717xxxxxxx. | ||
| 008 | 06 c xo huno | ||
| FMT | |||
| 038 | |a SVKKK | ||
| 040 | |a SVKKK |b slo |e AACR2 | ||
| 041 | 0 | |a hun | |
| 044 | |a xo |c SK | ||
| 080 | |a 930 | ||
| 242 | 1 | 0 | |a Vranov |
| 245 | 0 | 0 | |a Warana |
| 520 | 2 | |a Odvodzovanie návzvu Vranov od ruského kmeňa "Warang" z IX. storočia a názov Sniny od Kyjevského vodcu Sineusa. | |
| 650 | 0 | 4 | |a miestopis - Vranov - Snina - dejiny - čriepky historické |
| 773 | 0 | |t Adalékok Zemplénvármegye Történetéhez |g Roč. 7, č. 8 (1901) s. 256 | |
| 957 | |a Sineus pozri Snina | ||
| 957 | |a Snina | ||
| 957 | |a Vranov | ||
| 957 | |a Warang pozri Vranov | ||
| 958 | |a DG | ||
| 958 | |a SK | ||
| 974 | |a Ba |d 20060717 | ||
| 992 | |a RBX | ||
| BAS | |||
| 998 | |a RETRO | ||